Responses for show #8271 - Monday, November 2, 2020

Contestants

[<< previous game]

Regan Read, an ESL teacher from Gardena, California

Garrett Kuramoto, a librarian from Sunnyvale, California

Carmela Chan, a biotech researcher from San Diego, California (whose 2-day cash winnings total $37,201)

[next game >>]

Jeopardy! Round responses

ROM COMS
THE PRINCESS BRIDE
27 DRESSES
(Alex: A whole category about what 27-year-olds wear.)
LOVE, ACTUALLY
FAILURE TO LUNCH
SWEET TOME ALABAMA
    $200 11
(Regan: What is Groundhog's Day?)

Groundhog Day

GarrettRegan
    $200 21
Alexandra

Regan
    $200 6
(Regan: What is benevolent?)

philanthropy

Regan
Triple Stumper
    $200 1
one meal a day

Carmela
    $200 16
To Kill a Mockingbird

Regan
    $400 12
When Harry Met Sally...

Carmela
    $400 22
Monaco

Carmela
    $400 7
to court

Carmela
    $400 2
déjeuner

Regan
    $400 17
The Beverly Hillbillies

Carmela
    $600 13
Jack Nicholson & Diane Keaton

Carmela
    $600 23
(Garrett: What is Warsaw?)
(Carmela: What is Copenhagen?)
...
(Alex: We have less than a minute now, Carmela.)

Amsterdam

CarmelaGarrett
Triple Stumper
    $600 27
[The end-of-round signal sounds.]

Ariana Grande

Carmela
    $600 8
goo-goo eyes

Garrett
    $600 3
an introvert

Garrett
    $600 18
(Regan: What is Being There?)

Forrest Gump

GarrettRegan
    $800 14
Hitch

Regan
    $800 24
John Rolfe

Carmela
    $800 25
jean jackets

Carmela
    $800 9
enchantment

Carmela
    $800 4
Yom Kippur

Garrett
    $800 19
(Garrett: Who are Lincoln and Douglas?)

Hamilton & Burr

GarrettRegan
    $1000 15
Notting Hill

Carmela
    $1000 26
sneakers

Carmela
    $1000 10
the cockles

Garrett
    $1000 5
impacted

Garrett
    $1,000 20
(Regan: Hmmm... [Sighs])
(Alex: Say something.) (Regan: I don't know, sorry.)

The Miracle Worker

Regan

Scores at the first commercial break (after clue 15):

Carmela Garrett Regan
$3,400 $4,200 $800

Scores at the end of the Jeopardy! Round:

Carmela Garrett Regan
$6,800 $3,400 $400

Double Jeopardy! Round responses

WORLD GEOGRAPHY
ART APPRECIATION
GREEK GODDESSES
ONCE-POPULAR FIRST NAMES
14-LETTER WORDS
TV NOIR
    $400 6
the Louvre

Carmela
    $400 8
Hera

Regan
    $400 2
Stanley

Regan
    $800 12
Leonardo

Garrett
    $800 9
Aphrodite

Regan
    $800 1
(Regan: I don't know.)

Korea

Regan
Triple Stumper
    $800 25
[The end-of-round signal sounds.]

Fargo

Carmela
    $1200 16
Amman

Carmela
    $1200 13
Picasso

Carmela
    $1200 7
Nike

Garrett
    $1200 3
Nigel

Triple Stumper
    $1200 19
(Regan: What is authoritarian?)

disciplinarian

GarrettRegan
    $1200 22
The Fugitive

Garrett
    $1600 17
Brazil

Carmela
    $1600 14
Gauguin

Carmela
    $1600 10
(Garrett: What is Hestia?)

Demeter

CarmelaGarrett
    $1,000 4
Patricia

Regan
    $1600 20
(Alex: Less than a minute to go now, Garrett.)

categorization

Triple Stumper
    $1600 23
True Detective

Garrett
    $5,000 18
the Caspian Sea

Carmela
    $2000 15
(Garrett: Who is Kandinsky?)
(Carmela: Who is Chagall?)

Mark Rothko

CarmelaGarrett
Triple Stumper
    $2000 11
Calliope

Triple Stumper
    $2000 5
Eunice & Ethel

Regan
    $2000 21
(Regan: That's me.)
[Garrett chuckles when selecting the next clue.]

a septuagenarian

Garrett
    $2000 24
(Garrett: Who is Kirkman?)

Frank Darabont

Garrett
Triple Stumper

Scores at the end of the Double Jeopardy! Round:

Carmela Garrett Regan
$18,200 $5,800 $3,000
(lock game)

[wagering suggestions for these scores]

Final Jeopardy! Round responses

POLITICAL SPEECHES
ReganWhat are blue and red?
$2,995
GarrettWhat are red + blue?
$201
CarmelaWhat are red & blue?
$0
red & blue

Final scores:

Carmela Garrett Regan
$18,200 $6,001 $5,995
3-day champion: $55,401 2nd place: $2,000 3rd place: $1,000

Game dynamics:

Coryat scores:

Carmela Garrett Regan
$15,200 $5,800 $4,600
20 R
(including 1 DD),
2 W
13 R,
5 W
10 R
(including 1 DD),
6 W
(including 1 DD)

Combined Coryat: $25,600

The J! Archive is created by fans, for fans. The Jeopardy! game show and all elements thereof, including but not limited to copyright and trademark thereto, are the property of Jeopardy Productions, Inc. and are protected under law. This website is not affiliated with, sponsored by, or operated by Jeopardy Productions, Inc. Join the discussion at JBoard.tv.